| 000 | 01044cam a2200289 4500 | ||
|---|---|---|---|
| 008 | 090401t1994 xxu||||| |||| 00| 0 eng d | ||
| 020 | _a072820200X | ||
| 035 | _a(Sirsi) u31117 | ||
| 041 | _aeng | ||
| 050 | _a333.332 | ||
| 245 | _aLaw and valuation of leisure property. | ||
| 260 |
_aLondon _bEstates Gazette _c1994 |
||
| 300 | _axxv,519p. ; 22cm. | ||
| 350 | _a26.5 | ||
| 520 | _aA series of case studies by a variety of authors covering caravan parks, cinemas, bingo clubs, discotheques, nightclubs, bowling centres, hotels, public houses and restaurants. Also includes chapters on the law affecting leisure property, compulsory purchase and compensation and valuation for rating. | ||
| 650 | _aBINGO CLUBS | ||
| 650 | _aBOWLING CENTRES | ||
| 650 | _aCARAVAN PARKS | ||
| 650 |
_aCompulsory purchase _96228 |
||
| 650 | _aLEISURE PROPERTY | ||
| 650 | _aPUBLIC HOUSES | ||
| 690 | _aRATING AND VALUATION | ||
| 700 |
_aMarshall, Harvey _xEditor |
||
| 700 |
_aWilliamson, Hazel _xEditor |
||
| 942 | _n0 | ||
| 948 | _c04/03/1997 | ||
| 999 |
_c89559 _d89559 |
||